00638nam a2200217Ia 4500003000900000008004100009040001300050040001300063041000800076100001800084245003600102250001200138260001200150260000900162300001100171300001000182490000600192942000700198999001700205952019800222IT-RoPAU120407s9999 xx 000 0 und d aIT-RoPAU cIT-RoPAU aita aMario Pomilio aIo cane sull’Etna. (racconti) aMilano  aRusconi c1978 a164 p. c21 cm v1 cBK c26748d26748 00102ddc406850_20000000000000071aPAULUSbPAULUSd2012-04-11l0o850.2r2012-04-11 00:00:00w2012-04-11yBKzInserito da: Mario In data: 19 settembre 2011 fondo: Via A.Severo 56 Progr:15836